| 000 | 01235nam a2200205 a 4500 | ||
|---|---|---|---|
| 008 | 011117s1998 ag |||g |||| 000 1 spa d | ||
| 020 | _a9508600640 | ||
| 041 | _aspa | ||
| 092 |
_c808.8 _l63 _sORG |
||
| 100 | 1 |
_aOrgambide, Pedro _93505 |
|
| 245 |
_aAntología personal / _cPedro Orgambide |
||
| 250 | _a1a ed. | ||
| 260 |
_aBuenos Aires: _bEdiciones Instituto Movilizador de Fondos Cooperativos; _c1998. |
||
| 300 | _a126 p. | ||
| 500 | _aOrgambide, P. (1998). Antología personal. (1a ed.). Buenos Aires : Ediciones Instituto Movilizador de Fondos Cooperativos. | ||
| 505 | _a"Una antología de preferencias, lo es, también, de omisiones. No seleccioné ningún fragmente de mis novelas o de mis obras de teatro, que funcionan mejor como totalidades. Y no elegí ningún ensayo por la misma razón. En cambio, opté por un texto autobiográfico que, según creo, ilustra sobre mi aprendizaje de escritor, que comenzó hace más de medio siglo y que continúa hasta el presente. Elegí también varios cuentos escritos en diferentes momentos de mi vida. Algunos de ellos transcurren en México, en los años del exilio". | ||
| 590 | _aDonación Maria Vitarelli, diciembre 2017 | ||
| 655 |
_aAntologia _93506 |
||
| 942 |
_2ddc _cLIT |
||
| 999 |
_c2641 _d2641 |
||